000 004460000a22001810004500
999 _c47924
_d47924
001 720
003 CO-MdFUSB
005 20181114153714.0
008 181114b xxu||||| |||| 00| 0 eng d
040 _cCO-MdBIC
082 0 4 _a813C L56p
100 1 _aLesieg, Theo
245 1 0 _aIn a people house / Theo Lesieg, il. : Roy Mikie
260 _aNew York : A Bright & Early
300 _a[ 32 P. ]
650 1 4 _aLiteratura Infantil
942 _cLGB